Statistiques concernant Pays par leur capitale en anagramme - Europe

Cliquez ici pour prendre le quiz!

Statistiques générales

  • Ce quiz a été pris 205 fois
    (122 depuis la dernière actualisation)
  • Le résultat moyen est 32 sur 46

Statistiques - réponses

Capitales en AnagrammePays% Correct
SamtardemPays-Bas (Amsterdam)
99%
VekiUkraine (Kiev)
96%
RispaFrance (Paris)
94%
MoerItalie (Rome)
89%
ShlomktocSuède (Stockholm)
89%
LexrebsulBelgique (Bruxelles)
86%
FisaoBulgarie (Sofia)
85%
SoolNorvège (Oslo)
85%
NeniveAutriche (Vienne)
84%
NeebrSuisse (Berne)
84%
IdramdEspagne (Madrid)
83%
SmiknBiélorussie (Minsk)
82%
BragezCroatie (Zagreb)
82%
SocumoRussie (Moscou)
82%
BlajulnajSlovénie (Ljubljana)
80%
LebnirAllemagne (Berlin)
78%
BlumogurexLuxembourg (Luxembourg)
78%
EisavrovPologne (Varsovie)
76%
NudbilIrlande (Dublin)
75%
LusviniLituanie (Vilnius)
75%
AgirLettonie (Riga)
74%
LinlantEstonie (Tallinn)
73%
MacoonMonaco
73%
DeglabreSerbie (Belgrade)
72%
PesubadtHongrie (Budapest)
69%
JakrykievIslande (Reykjavik)
69%
GanhecuepoDanemark (Copenhague)
68%
AnavictVatican
66%
HenestaGrèce (Athènes)
65%
KnihisleFinlande (Helsinki)
63%
AugrepRépublique Tchèque (Prague)
63%
DorigapcoMonténégro (Podgorica)
62%
ZadvuLiechtenstein (Vaduz)
60%
JosepkMacédoine du Nord (Skopje)
58%
ShanuiciMoldavie (Chisinau)
58%
NobsilenPortugal (Lisbonne)
58%
NaritaAlbanie (Tirana)
57%
TavasblariSlovaquie (Bratislava)
53%
ValiedorleranieAndorre (Andorre-la-Vieille)
52%
StarbuceRoumanie (Bucarest)
52%
VetelatalMalte (La Valette)
51%
JorasaveBosnie-Herzégovine (Sarajevo)
48%
SoiniecChypre (Nicosie)
48%
SodlernRoyaume-Uni (Londres)
46%
SpatinirKosovo (Pristina)
40%
MintanirsaSaint-Marin (Saint-Marin)
37%

Distribution des résultats

Percentile par nombre de réponses

% des personnes avec chaque résultat

Votre développement - résultats

Vous n’avez pas pris ce quiz depuis la dernière actualisation